[Event "4NCL Division 3n"]
[Site "Palace Hotel, Buxton ENG"]
[Date "2014.02.08"]
[Round "5.76"]
[White "Turner, John M"]
[Black "Oates, David R"]
[Result "0-1"]
[WhiteElo "2040"]
[BlackElo "2149"]
[PlyCount "72"]
[EventDate "2014.02.08"]
[WhiteTeam "Holmes Chapel"]
[BlackTeam "North East England 1"]

1. e4 Nc6 2. Nc3 e6 3. d4 d5 4. Bb5 dxe4 5. Nxe4 Qd5 6. Qe2 Bd7 7. c3 Nf6 8.
Nxf6+ gxf6 9. Nf3 O-O-O 10. Be3 Rg8 11. Rg1 Na5 12. Bd3 Bc6 13. b4 Qxf3 14.
Qxf3 Bxf3 15. bxa5 Ba3 16. Kd2 Bc6 17. g3 a6 18. h4 f5 19. Bg5 Rd5 20. g4 fxg4
21. Bxh7 Rh8 22. Bd3 Rg8 23. Bf6 Rh5 24. Be2 Rf5 25. Bg5 Rxf2 26. Ke3 Rh2 27.
Bxg4 Kb8 28. Bh5 Rh3+ 29. Kd2 Bb2 30. Bxf7 Bxc3+ 31. Ke2 Bb5+ 32. Kf2 Rg7 33.
Bxe6 Bxd4+ 34. Kg2 Rxh4 35. Kf3 Bc6+ 36. Ke2 Rh2+ 0-1

[Event "4NCL Division 3n"]
[Site "Palace Hotel, Buxton ENG"]
[Date "2014.02.08"]
[Round "5.77"]
[White "Dargan, Paul AG"]
[Black "Clark, Robert G"]
[Result "1-0"]
[WhiteElo "2172"]
[BlackElo "1999"]
[PlyCount "63"]
[EventDate "2014.02.08"]
[WhiteTeam "North East England 1"]
[BlackTeam "Holmes Chapel"]

1. e4 e6 2. d4 d5 3. Nd2 Nf6 4. e5 Nfd7 5. c3 c5 6. Bd3 Nc6 7. Ndf3 f6 8. exf6
Nxf6 9. Nh3 cxd4 10. cxd4 Bd6 11. O-O O-O 12. Re1 Qc7 13. Nhg5 e5 14. dxe5 Nxe5
15. Nxe5 Bxe5 16. Bxh7+ Kh8 17. h3 Nxh7 18. Nxh7 Bh2+ 19. Kh1 Kxh7 20. Qh5+ Kg8
21. Qxd5+ Qf7 22. Qxf7+ Rxf7 23. Re8+ Kh7 24. Kxh2 Rxf2 25. Be3 Rc2 26. Bd4 Rc6
27. Rf1 b6 28. Rf7 Rg6 29. Rff8 Rc6 30. g4 b5 31. Rh8+ Kg6 32. Re7 1-0

[Event "4NCL Division 3n"]
[Site "Palace Hotel, Buxton ENG"]
[Date "2014.02.08"]
[Round "5.78"]
[White "Doran, Chris"]
[Black "Coathup, Roger H"]
[Result "1-0"]
[WhiteElo "1961"]
[BlackElo "2128"]
[PlyCount "53"]
[EventDate "2014.02.08"]
[WhiteTeam "Holmes Chapel"]
[BlackTeam "North East England 1"]

1. e4 c5 2. Nf3 e6 3. Nc3 a6 4. d4 cxd4 5. Nxd4 Qc7 6. Bd3 Nf6 7. O-O Nc6 8.
Be3 Ne5 9. h3 Bc5 10. Qe2 O-O 11. a4 b6 12. f4 Nc6 13. Nf3 Bxe3+ 14. Qxe3 d6
15. e5 Nd7 16. Ng5 g6 17. exd6 Qxd6 18. Qg3 h6 19. Nge4 Qe7 20. Rae1 Nb4 21. f5
exf5 22. Rxf5 Nxd3 23. Nf6+ Qxf6 24. Rxf6 Nxf6 25. Qxd3 Bf5 26. Qd4 Nd7 27. g4
1-0

[Event "4NCL Division 3n"]
[Site "Palace Hotel, Buxton ENG"]
[Date "2014.02.08"]
[Round "5.80"]
[White "Raeburn, Andrew L"]
[Black "Wise, David"]
[Result "1/2-1/2"]
[WhiteElo "1784"]
[BlackElo "2108"]
[PlyCount "48"]
[EventDate "2014.02.08"]
[WhiteTeam "Holmes Chapel"]
[BlackTeam "North East England 1"]

1. e4 e6 2. d3 d5 3. Nd2 Nf6 4. Ngf3 Nc6 5. e5 Nd7 6. d4 f6 7. Bb5 fxe5 8. Bxc6
bxc6 9. Nxe5 Nxe5 10. dxe5 Qg5 11. Nf3 Qxg2 12. Rg1 Qh3 13. Rg3 Qh5 14. Be3 Rb8
15. Qd4 Bb4+ 16. c3 O-O 17. cxb4 Rxf3 18. O-O-O Rxg3 19. hxg3 Ra8 20. g4 Qg6
21. Qc5 Bd7 22. Qe7 Qf7 23. Qh4 Qg6 24. Qe7 Qf7 1/2-1/2
*

[Event "4NCL Division 3n"]
[Site "Palace Hotel, Buxton ENG"]
[Date "2014.02.08"]
[Round "5.85"]
[White "Henderson, David"]
[Black "Jamieson, Ian M"]
[Result "1-0"]
[WhiteElo "2073"]
[BlackElo "1986"]
[PlyCount "81"]
[EventDate "2014.02.08"]
[WhiteTeam "North East England 2"]
[BlackTeam "Cheddleton 3"]

1. e4 e6 2. d4 d5 3. e5 c5 4. c3 Ne7 5. Bd3 Nec6 6. Nf3 b6 7. O-O Ba6 8. Bf4
Bxd3 9. Qxd3 c4 10. Qe2 Nd7 11. Ng5 h6 12. Nxe6 fxe6 13. Qh5+ Ke7 14. Bg5+ hxg5
15. Qxh8 Qe8 16. Qh7 Kd8 17. Nd2 Ne7 18. Nf3 g4 19. Ng5 Nf5 20. Qg8 Kc8 21.
Qxe6 Qxe6 22. Nxe6 b5 23. f3 g3 24. hxg3 Nxg3 25. Rfe1 a5 26. Kf2 Nf5 27. g4
Nh6 28. Kg3 Ra6 29. Nf4 Nb6 30. Ng6 Nd7 31. e6 Bd6+ 32. Kg2 Nf6 33. g5 Ne8 34.
gxh6 gxh6 35. Rh1 b4 36. Rh5 bxc3 37. bxc3 Ba3 38. Re1 Rd6 39. Rxh6 Bb2 40. Rh8
Kd8 41. e7+ 1-0
*

[Event "4NCL Division 3n"]
[Site "Palace Hotel, Buxton ENG"]
[Date "2014.02.08"]
[Round "5.95"]
[White "Edwards-Wright, Miles D"]
[Black "Williamson, Roger G"]
[Result "1/2-1/2"]
[WhiteElo "1926"]
[BlackElo "2144"]
[PlyCount "55"]
[EventDate "2014.02.08"]
[WhiteTeam "Bradford DCA Knights C"]
[BlackTeam "Ferry 'Cross the Maroczy 1"]

1. b3 e5 2. Bb2 Nc6 3. e3 Nf6 4. Bb5 Bd6 5. Na3 a6 6. Bxc6 dxc6 7. Nc4 Qe7 8.
Nxd6+ cxd6 9. Ne2 O-O 10. Ng3 c5 11. O-O Ne8 12. f4 f6 13. Qf3 Be6 14. d4 exd4
15. exd4 Qf7 16. c4 Rb8 17. dxc5 dxc5 18. Ne4 b6 19. f5 Bc8 20. Qf4 Rb7 21.
Rad1 Rd7 22. g4 Bb7 23. Bc1 Qe7 24. Nc3 Nc7 25. Qg3 Rd4 26. Bf4 Rc8 27. Bd6 Qd7
28. Ne2 1/2-1/2

[Event "4NCL Division 3n"]
[Site "Palace Hotel, Buxton ENG"]
[Date "2014.02.08"]
[Round "5.96"]
[White "Kee, Steve"]
[Black "Dean, Robert A"]
[Result "1/2-1/2"]
[WhiteElo "2040"]
[BlackElo "1828"]
[PlyCount "69"]
[EventDate "2014.02.08"]
[WhiteTeam "Ferry 'Cross the Maroczy 1"]
[BlackTeam "Bradford DCA Knights C"]

1. e4 e6 2. b3 d5 3. Bb2 dxe4 4. Nc3 Nf6 5. Qe2 Be7 6. g4 Nc6 7. Nxe4 Nd4 8.
Qe3 e5 9. h3 Be6 10. Bg2 c6 11. Ne2 Nxe2 12. Qxe2 Nxe4 13. Bxe4 Bf6 14. O-O-O
Qa5 15. Kb1 O-O-O 16. c4 h6 17. Bc3 Qc5 18. h4 a6 19. Qf3 Kb8 20. Qg3 g5 21.
hxg5 hxg5 22. d4 Rxh1 23. Rxh1 Qb6 24. d5 cxd5 25. cxd5 Bxd5 26. Bxe5+ Bxe5 27.
Qxe5+ Qd6 28. Qxd6+ Rxd6 29. Bxd5 Rxd5 30. Rh7 Rd4 31. Rxf7 Rxg4 32. Kc2 Rg2
33. Kc3 g4 34. a4 g3 35. fxg3 1/2-1/2
*

[Event "4NCL Division 3n"]
[Site "Palace Hotel, Buxton ENG"]
[Date "2014.02.08"]
[Round "5.97"]
[White "Grobler, David J"]
[Black "Bimpson, Tom"]
[Result "0-1"]
[WhiteElo "1629"]
[BlackElo "2030"]
[PlyCount "80"]
[EventDate "2014.02.08"]
[WhiteTeam "Bradford DCA Knights C"]
[BlackTeam "Ferry 'Cross the Maroczy 1"]

1. e4 d6 2. d4 Nf6 3. Nc3 Nbd7 4. g4 h6 5. g5 hxg5 6. Bxg5 e5 7. Nf3 c6 8. Qd2
Be7 9. h4 Qa5 10. O-O-O b5 11. d5 b4 12. dxc6 bxc3 13. cxd7+ Bxd7 14. Qxc3 Qxc3
15. bxc3 Nxe4 16. Bxe7 Kxe7 17. Rg1 Nxc3 18. Re1 Nxa2+ 19. Kd2 Bc6 20. Nd4 Bd5
21. c4 Be6 22. Nxe6 Kxe6 23. Bg2 Rab8 24. Bd5+ Kf6 25. Rg4 Rb2+ 26. Ke3 Nb4 27.
Be4 Rc8 28. Rb1 Nc2+ 29. Bxc2 Rxc2 30. Rb4 a5 31. Ra4 Rc5 32. f4 g6 33. Kd3 Rf2
34. Ke3 Rxf4 35. Rxf4+ exf4+ 36. Kxf4 Ke6 37. Ke4 Rh5 38. Kd3 Rxh4 39. Rxa5 Rh5
40. Ra1 Re5 0-1

[Event "4NCL Division 3n"]
[Site "Palace Hotel, Buxton ENG"]
[Date "2014.02.08"]
[Round "5.98"]
[White "Campbell, Ian"]
[Black "Bramson, Mike"]
[Result "1/2-1/2"]
[WhiteElo "2005"]
[BlackElo "1815"]
[PlyCount "64"]
[EventDate "2014.02.08"]
[WhiteTeam "Ferry 'Cross the Maroczy 1"]
[BlackTeam "Bradford DCA Knights C"]

1. d4 d5 2. Nf3 Nf6 3. e3 c6 4. Bd3 Bg4 5. Nbd2 Nbd7 6. c4 e6 7. h3 Bh5 8. O-O
Bd6 9. Qb3 Rb8 10. Re1 O-O 11. Qa4 a6 12. Qc2 Rc8 13. c5 Bb8 14. b4 e5 15. dxe5
Nxe5 16. Nxe5 Bxe5 17. Bb2 Qc7 18. Rac1 Rce8 19. a4 Bg6 20. Bxg6 fxg6 21. Nf3
Bxb2 22. Qxb2 Ne4 23. Re2 Rf6 24. Nd2 Qe7 25. Nxe4 Qxe4 26. Rd1 Qf5 27. Rd4 Re4
28. b5 axb5 29. axb5 h6 30. bxc6 bxc6 31. Rxe4 Qxe4 32. Rd2 Qc4 1/2-1/2
*

[Event "4NCL Division 3n"]
[Site "Palace Hotel, Buxton ENG"]
[Date "2014.02.08"]
[Round "5.117"]
[White "Timson, Paul F"]
[Black "Hilton, Tim"]
[Result "1/2-1/2"]
[WhiteElo "2133"]
[BlackElo "1760"]
[PlyCount "43"]
[EventDate "2014.02.08"]
[WhiteTeam "Manchester Manticores 1"]
[BlackTeam "Manchester Manticores 2"]

1. d4 Nf6 2. c4 e6 3. Nc3 Bb4 4. e3 O-O 5. Nge2 b6 6. a3 Bxc3+ 7. Nxc3 Bb7 8.
Qc2 d5 9. cxd5 exd5 10. Bd3 Re8 11. O-O a6 12. b4 Nbd7 13. Bb2 Nf8 14. Rac1 Ne6
15. Ne2 Rc8 16. Bf5 g6 17. Bh3 Ne4 18. Nf4 N4g5 19. Bg4 f5 20. Nxe6 Rxe6 21.
Be2 Ne4 22. Bd3 1/2-1/2
*

[Event "4NCL Division 3n"]
[Site "Palace Hotel, Buxton ENG"]
[Date "2014.02.09"]
[Round "6.55"]
[White "Wallace, Paul A"]
[Black "Lund, D Brett"]
[Result "0-1"]
[WhiteElo "2160"]
[BlackElo "2250"]
[PlyCount "136"]
[EventDate "2014.02.09"]
[WhiteTeam "Cheddleton 2"]
[BlackTeam "Spirit of Atticus A"]

1. e4 e6 2. d4 c5 3. Nf3 a6 4. Bd3 Nf6 5. Nc3 cxd4 6. Nxd4 Qc7 7. a3 b5 8. Be3
Bb7 9. Qe2 d6 10. O-O Nbd7 11. Kh1 Be7 12. f4 O-O 13. Rae1 g6 14. Nf3 e5 15.
fxe5 dxe5 16. Bh6 Rfe8 17. Ng5 Bf8 18. Bxf8 Rxf8 19. Qf3 h6 20. Nh3 Kg7 21. Nf2
Nh5 22. Qe3 Qc5 23. Ng4 Qxe3 24. Nxe3 Nf4 25. Ned5 Bxd5 26. Nxd5 Nxd5 27. exd5
f5 28. c4 e4 29. Be2 bxc4 30. Bxc4 Nb6 31. Ba2 Rad8 32. Rd1 Rd6 33. Rd4 Rfd8
34. g4 Nxd5 35. Rfd1 e3 36. Rxd5 Rxd5 37. Bxd5 e2 38. Re1 Rxd5 39. Rxe2 fxg4
40. Re6 a5 41. Rb6 a4 42. Kg2 h5 43. Rb4 Rd2+ 44. Kg3 Rd3+ 45. Kf2 Kf6 46. Rb7
Rd2+ 47. Kg3 Re2 48. Rb4 Rc2 49. Rb5 Rd2 50. Rb4 Rd3+ 51. Kg2 Kg5 52. Rxa4 Rd2+
53. Kg1 Rxb2 54. Rc4 Rb3 55. a4 h4 56. Rc5+ Kf4 57. Rc6 g5 58. Rf6+ Ke5 59. Rf8
Ra3 60. Re8+ Kf5 61. Rf8+ Kg6 62. Rg8+ Kh6 63. Rh8+ Kg7 64. Ra8 g3 65. h3 g4
66. hxg4 h3 67. Ra7+ Kg6 68. Ra6+ Kg5 0-1

[Event "4NCL Division 3n"]
[Site "Palace Hotel, Buxton ENG"]
[Date "2014.02.09"]
[Round "6.56"]
[White "Ivell, Nicholas W"]
[Black "Armstrong, Malcolm J"]
[Result "1-0"]
[WhiteElo "2275"]
[BlackElo "2118"]
[PlyCount "132"]
[EventDate "2014.02.09"]
[WhiteTeam "Spirit of Atticus A"]
[BlackTeam "Cheddleton 2"]

1. e4 c6 2. d4 d5 3. exd5 cxd5 4. Bd3 Nc6 5. c3 g6 6. Bf4 Bg7 7. Nf3 Nf6 8. O-O
O-O 9. Re1 Bf5 10. Bxf5 gxf5 11. Ne5 Rc8 12. Nd2 e6 13. Nxc6 Rxc6 14. Be5 Kh8
15. Nf3 Rg8 16. Qd3 Nd7 17. Bxg7+ Rxg7 18. Rad1 a6 19. g3 Qf6 20. Ne5 Nxe5 21.
dxe5 Qe7 22. Qe3 Rg8 23. Rd4 Qg5 24. Qe2 Rgc8 25. Red1 Rc4 26. Kg2 b5 27. Qd2
Qxd2 28. R1xd2 Kg7 29. Kf3 f6 30. exf6+ Kxf6 31. Ke3 R8c5 32. f4 Ke7 33. Rxc4
bxc4 34. Kd4 Rb5 35. Ke5 Rb8 36. Rg2 h5 37. Re2 Rd8 38. Kd4 Kd6 39. b3 cxb3 40.
axb3 Rb8 41. Ra2 Rb6 42. c4 dxc4 43. bxc4 Kc6 44. Re2 Kd7 45. Ra2 Kc6 46. c5
Rb4+ 47. Ke5 Re4+ 48. Kf6 Kxc5 49. Rxa6 Kd5 50. Ra5+ Kd4 51. Ra2 Ke3 52. Kg5 h4
53. Kxh4 e5 54. Kg5 exf4 55. gxf4 Re8 56. Ra3+ Ke4 57. Ra4+ Kf3 58. h4 Rg8+ 59.
Kxf5 Rf8+ 60. Kg5 Rg8+ 61. Kf6 Kg4 62. f5+ Kh5 63. Kf7 Rb8 64. Re4 Rb7+ 65. Re7
Rb6 66. Kg7 Kxh4 {black lost on time} 1-0

[Event "4NCL Division 3n"]
[Site "Palace Hotel, Buxton ENG"]
[Date "2014.02.09"]
[Round "6.57"]
[White "Richardson, Alex"]
[Black "Carleton, John J"]
[Result "0-1"]
[WhiteElo "2110"]
[BlackElo "2238"]
[PlyCount "74"]
[EventDate "2014.02.09"]
[WhiteTeam "Cheddleton 2"]
[BlackTeam "Spirit of Atticus A"]

1. e4 c6 2. d4 d5 3. e5 c5 4. dxc5 Nc6 5. Bb5 e6 6. Be3 Nh6 7. c3 Nf5 8. Bd4
Qg5 9. g3 Be7 10. Nf3 Qg6 11. Nbd2 O-O 12. O-O Bd7 13. Bd3 a5 14. a4 h5 15. Re1
Qg4 16. Nf1 h4 17. Bxf5 Qxf5 18. Ne3 Qg6 19. Ng2 hxg3 20. hxg3 f5 21. exf6 gxf6
22. Nfh4 Qg7 23. Nf4 e5 24. Nh5 Qg4 25. Qxg4+ Bxg4 26. Ng6 Bxh5 27. Nxf8 Kxf8
28. Be3 Bf3 29. Rec1 e4 30. g4 Ne5 31. Kh2 Nxg4+ 32. Kg3 Nxe3 33. fxe3 Bxc5 34.
Rh1 Kg7 35. Rhe1 Rh8 36. Kf4 Bd6+ 37. Kf5 Kf7 0-1

[Event "4NCL Division 3n"]
[Site "Palace Hotel, Buxton ENG"]
[Date "2014.02.09"]
[Round "6.58"]
[White "Mitchell, Martin"]
[Black "Acey, Gerald"]
[Result "1/2-1/2"]
[WhiteElo "2219"]
[BlackElo "2116"]
[PlyCount "94"]
[EventDate "2014.02.09"]
[WhiteTeam "Spirit of Atticus A"]
[BlackTeam "Cheddleton 2"]

1. d4 d5 2. c4 e6 3. Nc3 c5 4. cxd5 exd5 5. Nf3 Nc6 6. g3 Nf6 7. Bg2 Be7 8. O-O
O-O 9. Bg5 c4 10. Ne5 Be6 11. b3 h6 12. Nxc6 bxc6 13. Bxf6 Bxf6 14. Na4 Rc8 15.
Nc5 Bf5 16. e3 Be7 17. Qf3 Bg6 18. Bh3 Rc7 19. Bf5 Bxc5 20. dxc5 Qf6 21. Qf4
Bxf5 22. Qxc7 Bh3 23. Qf4 Bxf1 24. Qxf6 gxf6 25. Kxf1 Rb8 26. bxc4 dxc4 27. Rc1
Rb2 28. a3 Rb3 29. Rxc4 Rxa3 30. Rd4 Rc3 31. Rd6 Rxc5 32. Rxf6 Kg7 33. Rf4 a5
34. Ra4 Kf6 35. Ke2 Ke6 36. e4 Rb5 37. Ke3 Kd6 38. Rd4+ Kc7 39. f4 Rb3+ 40. Ke2
Rb2+ 41. Rd2 Rb4 42. e5 a4 43. Ke3 a3 44. Ra2 Ra4 45. Kd3 c5 46. Kc3 c4 47. Kd4
Kd7 1/2-1/2

[Event "4NCL Division 3n"]
[Site "Palace Hotel, Buxton ENG"]
[Date "2014.02.09"]
[Round "6.59"]
[White "Davison, Colin FS"]
[Black "Ackley, Peter JE"]
[Result "1/2-1/2"]
[WhiteElo "2059"]
[BlackElo "2027"]
[PlyCount "30"]
[EventDate "2014.02.09"]
[WhiteTeam "Cheddleton 2"]
[BlackTeam "Spirit of Atticus A"]

1. e4 g6 2. Bc4 Bg7 3. Nf3 c5 4. O-O Nc6 5. d3 e6 6. c3 Nge7 7. Qe2 a6 8. a4 b6
9. Nbd2 d6 10. Re1 Bb7 11. Nf1 d5 12. Bb3 O-O 13. Bg5 h6 14. Bh4 Qd7 15. Bg3 a5
1/2-1/2

[Event "4NCL Division 3n"]
[Site "Palace Hotel, Buxton ENG"]
[Date "2014.02.09"]
[Round "6.65"]
[White "Molofej, Denis"]
[Black "Dunn, Andrew"]
[Result "1-0"]
[WhiteElo "2055"]
[BlackElo "2232"]
[PlyCount "97"]
[EventDate "2014.02.09"]
[WhiteTeam "Bradford DCA Knights B"]
[BlackTeam "North East England 1"]

1. e4 c6 2. Nc3 d5 3. Nf3 Bg4 4. h3 Bxf3 5. Qxf3 e6 6. d3 Nd7 7. Bd2 g6 8. g4
Bg7 9. Qg3 h5 10. f4 hxg4 11. O-O-O d4 12. Ne2 Qc7 13. Qg1 O-O-O 14. hxg4 Rxh1
15. Qxh1 Ndf6 16. g5 Nh5 17. Bh3 Ne7 18. Qf3 Qd7 19. Bb4 f5 20. gxf6 Nxf6 21.
Rg1 Rh8 22. Bxe7 Qxe7 23. Rxg6 Qf7 24. Qg2 Rxh3 25. Rxg7 Qh5 26. Rg5 Qh4 27.
Kd2 Nh5 28. Rg8+ Kc7 29. Qg5 Qxg5 30. Rxg5 Rh2 31. Ke1 c5 32. Rxc5+ Kd6 33. Rc4
Rh1+ 34. Kf2 e5 35. fxe5+ Kxe5 36. Rc5+ Kf6 37. Nxd4 Rh2+ 38. Kf3 Kg6 39. e5
Rh4 40. Ke3 Ng3 41. Nf3 Rh3 42. d4 Kf5 43. e6+ Kf6 44. d5 Nf5+ 45. Kf4 Ne7 46.
Ne5 Rh4+ 47. Ng4+ Kg6 48. d6 Nc6 49. Rxc6 1-0

[Event "4NCL Division 3n"]
[Site "Palace Hotel, Buxton ENG"]
[Date "2014.02.09"]
[Round "6.66"]
[White "Oates, David R"]
[Black "Gardiner, Eric D"]
[Result "1-0"]
[WhiteElo "2149"]
[BlackElo "2025"]
[PlyCount "91"]
[EventDate "2014.02.09"]
[WhiteTeam "North East England 1"]
[BlackTeam "Bradford DCA Knights B"]

1. c4 e5 2. g3 Nc6 3. Bg2 g6 4. Nc3 Bg7 5. e4 d6 6. d3 Be6 7. Nge2 Qd7 8. Nd5
Nce7 9. d4 c6 10. Ne3 Bh3 11. Bxh3 Qxh3 12. d5 Qd7 13. g4 Bh6 14. Ng3 c5 15. h4
Bf4 16. h5 g5 17. Nef5 Bxg3 18. Nxg3 h6 19. Be3 Nf6 20. f3 O-O 21. Qd2 Nh7 22.
O-O a6 23. b4 b6 24. bxc5 bxc5 25. Qa5 Nf6 26. Kg2 Rfb8 27. Rab1 Qa7 28. Rb3
Rxb3 29. axb3 Qb7 30. Rb1 Rb8 31. Qd2 Nh7 32. b4 a5 33. b5 a4 34. Qc3 f6 35.
Qa3 Qa7 36. b6 Rxb6 37. Rxb6 Qxb6 38. Qxa4 Kf7 39. Qb5 Qxb5 40. cxb5 Ke8 41. b6
Nf8 42. b7 Nd7 43. Bd2 Nb8 44. Ba5 Kd7 45. Kf2 Na6 46. Ke2 1-0

[Event "4NCL Division 3n"]
[Site "Palace Hotel, Buxton ENG"]
[Date "2014.02.09"]
[Round "6.67"]
[White "Jennings, Roger W"]
[Black "Waters, Clive L"]
[Result "1-0"]
[WhiteElo "2128"]
[BlackElo "2115"]
[PlyCount "109"]
[EventDate "2014.02.09"]
[WhiteTeam "Bradford DCA Knights B"]
[BlackTeam "North East England 1"]

1. g3 d5 2. Bg2 Nf6 3. Nf3 g6 4. b3 Bg7 5. Bb2 O-O 6. O-O c5 7. d3 Nc6 8. Ne5
Qc7 9. Nxc6 Qxc6 10. c4 Qd7 11. cxd5 Nxd5 12. Bxg7 Kxg7 13. Qc2 Qd6 14. Nd2 b6
15. Qb2+ Kg8 16. d4 Bb7 17. Ne4 Qe6 18. dxc5 Nf4 19. gxf4 Bxe4 20. Qe5 Bxg2 21.
Qxe6 fxe6 22. Kxg2 bxc5 23. Rac1 Rxf4 24. Rxc5 a5 25. Rfc1 Raf8 26. f3 R8f5 27.
e4 Rf8 28. R1c3 Ra8 29. Rc8+ Rf8 30. Rxa8 Rxa8 31. Rc4 Rb8 32. Kf2 Rb5 33. Ke3
Rh5 34. Rc2 Kf7 35. Kd4 Rh3 36. Rf2 g5 37. Kc4 Kf6 38. Kb5 Ke5 39. Kxa5 Kf4 40.
b4 g4 41. fxg4+ Kxe4 42. a4 e5 43. b5 Rb3 44. Rf7 e6 45. Rxh7 Kd5 46. Rd7+ Kc5
47. Rc7+ Kd6 48. Rc2 e4 49. g5 Ke5 50. g6 Kf6 51. Rg2 Kg7 52. b6 e3 53. Ka6 Rb4
54. a5 Rd4 55. Re2 1-0

[Event "4NCL Division 3n"]
[Site "Palace Hotel, Buxton ENG"]
[Date "2014.02.09"]
[Round "6.69"]
[White "Nicholson, Jim WR"]
[Black "Dargan, Paul AG"]
[Result "1/2-1/2"]
[WhiteElo "2000"]
[BlackElo "2172"]
[PlyCount "82"]
[EventDate "2014.02.09"]
[WhiteTeam "Bradford DCA Knights B"]
[BlackTeam "North East England 1"]

1. d4 d5 2. Nf3 Nc6 3. e3 Bg4 4. Be2 Nf6 5. b3 Bxf3 6. Bxf3 e5 7. dxe5 Nxe5 8.
Bb2 Bd6 9. Nd2 O-O 10. O-O Re8 11. Rc1 c6 12. c4 Nd3 13. Rc2 Nb4 14. Rc1 Nxa2
15. Ra1 Nb4 16. Qb1 Ne4 17. Nxe4 dxe4 18. Be2 Qc7 19. g3 Be5 20. Rd1 a6 21. c5
Nd5 22. Ra4 f5 23. Bc4 Rad8 24. Bd4 Kh8 25. Qc2 Bxd4 26. Rxd4 Nf6 27. Be2 Nd5
28. Kg2 Rd7 29. Ra1 Red8 30. Rad1 Qe5 31. Kh1 h6 32. Qc4 Nf6 33. Rxd7 Rxd7 34.
Rxd7 Nxd7 35. Qf7 Nxc5 36. Bc4 Qb8 37. Qxf5 b5 38. Qxc5 bxc4 39. Qxc4 Qf8 40.
Kg1 Qf3 41. Qxc6 Qd1+ 1/2-1/2

[Event "4NCL Division 3n"]
[Site "Palace Hotel, Buxton ENG"]
[Date "2014.02.09"]
[Round "6.70"]
[White "Henderson, David"]
[Black "Patrick, David A"]
[Result "1-0"]
[WhiteElo "2073"]
[BlackElo "1886"]
[PlyCount "103"]
[EventDate "2014.02.09"]
[WhiteTeam "North East England 1"]
[BlackTeam "Bradford DCA Knights B"]

1. e4 e6 2. d4 d5 3. e5 c5 4. c3 Nc6 5. Nf3 Bd7 6. Be2 f6 7. O-O fxe5 8. Nxe5
Nxe5 9. dxe5 Qc7 10. Bf4 O-O-O 11. Nd2 Ne7 12. Bd3 g5 13. Bxg5 Qxe5 14. Bh4 Qg7
15. f4 Rg8 16. Qe2 Re8 17. Bg3 Nf5 18. Bxf5 exf5 19. Qh5 Qg6 20. Qxg6 hxg6 21.
Nf3 Bg7 22. Rfe1 Bf6 23. Rad1 Bc6 24. Bf2 b6 25. Ne5 Bb7 26. h4 Re7 27. Re3 g5
28. hxg5 Bxe5 29. Rxe5 Rxe5 30. fxe5 Rxg5 31. Rd3 f4 32. Rf3 d4 33. Rxf4 Bxg2
34. Bh4 Rg8 35. cxd4 Bd5+ 36. Kf1 Bxa2 37. dxc5 b5 38. Rd4 Bc4+ 39. Kf2 a5 40.
Rd6 Kc7 41. e6 Re8 42. e7 b4 {(=)} 43. Ke3 a4 44. Rd4 Bb3 45. Rxb4 Kd7 46. Rf4
Bd1 47. Kd2 Bb3 48. Kc3 Rc8 49. Rd4+ Ke6 50. Rd8 Rxc5+ 51. Kd3 Bc4+ 52. Kd4 1-0

[Event "4NCL Division 3n"]
[Site "Palace Hotel, Buxton ENG"]
[Date "2014.02.09"]
[Round "6.78"]
[White "Bryant, Richard BE"]
[Black "Cowan, Richard M"]
[Result "1-0"]
[WhiteElo "1963"]
[BlackElo "1841"]
[PlyCount "77"]
[EventDate "2014.02.09"]
[WhiteTeam "Spirit of Atticus B"]
[BlackTeam "Jorvik"]

1. e4 c6 2. d4 d5 3. e5 Bf5 4. Nd2 e6 5. Nb3 Nd7 6. Nf3 f6 7. exf6 Ngxf6 8. Be2
Bd6 9. Nh4 Qc7 10. Nxf5 exf5 11. Qd3 O-O-O 12. Qxf5 Ne4 13. Be3 Rdf8 14. Qh3
Bb4+ 15. c3 Nxc3 16. bxc3 Bxc3+ 17. Bd2 Bxa1 18. Nxa1 Re8 19. Qd3 Nf6 20. O-O
h5 21. Qf5+ Kd8 22. Bg5 Rxe2 23. Bxf6+ Ke8 24. Be5 Qd7 25. Qg6+ Qf7 26. Qd6 Rh6
27. Qb8+ Ke7 28. Qxb7+ Kf8 29. Qb8+ Ke7 30. Qxa7+ Kf8 31. Qa6 Re4 32. Nb3 Rg6
33. Qc8+ Qe8 34. Qxe8+ Kxe8 35. Nc5 Re2 36. a4 Ra2 37. h3 Kd8 38. a5 Rg5 39.
Ne6+ 1-0

[Event "4NCL Division 3n"]
[Site "Palace Hotel, Buxton ENG"]
[Date "2014.02.09"]
[Round "6.79"]
[White "Flint, Martina"]
[Black "Mort, Andrew J"]
[Result "1/2-1/2"]
[WhiteElo "1843"]
[BlackElo "1973"]
[PlyCount "100"]
[EventDate "2014.02.09"]
[WhiteTeam "Jorvik"]
[BlackTeam "Spirit of Atticus B"]

1. f4 g6 2. Nf3 Bg7 3. g3 c5 4. c3 Nc6 5. e4 d6 6. d3 e6 7. Bg2 Nge7 8. O-O O-O
9. Na3 Rb8 10. g4 f5 11. g5 b6 12. Re1 Qd7 13. Nc2 Ba6 14. Nh4 Rbd8 15. exf5
Nxf5 16. Nxf5 gxf5 17. Be3 Bb7 18. Bf2 d5 19. d4 c4 20. Re3 Rde8 21. Qh5 Qf7
22. Qh4 Ne7 23. Rh3 Bh8 24. Bf3 Ng6 25. Qg3 Re7 26. Kh1 Bc6 27. Ne3 a5 28. Nxc4
dxc4 29. Bxc6 Rc7 30. Bg2 b5 31. Rd1 Rd8 32. Qe3 e5 33. fxe5 Nxe5 34. Bg3 Ng4
35. Qf3 Re7 36. Rf1 Ne3 37. Rf2 Rde8 38. Bh4 Qg6 39. Qc6 Ng4 40. Qd5+ Kg7 41.
Rff3 Ne3 42. Qxb5 f4 43. Bf2 Qb1+ 44. Bg1 Nxg2 45. Kxg2 Re2+ 46. Rf2 Re1 47.
Rhf3 Rxg1+ 48. Kh3 Qg6 49. Qd7+ Kg8 50. Qd5+ Kg7 1/2-1/2

[Event "4NCL Division 3n"]
[Site "Palace Hotel, Buxton ENG"]
[Date "2014.02.09"]
[Round "6.86"]
[White "Kendall, Paul SN"]
[Black "Kee, Steve"]
[Result "1/2-1/2"]
[WhiteElo "2039"]
[BlackElo "2040"]
[PlyCount "84"]
[EventDate "2014.02.09"]
[WhiteTeam "North East England 2"]
[BlackTeam "Ferry 'Cross the Maroczy 1"]

1. e4 c5 2. Nc3 a6 3. g3 b5 4. Bg2 Bb7 5. a3 d6 6. d3 g6 7. f4 Bg7 8. Nf3 e6 9.
O-O Ne7 10. Be3 Nbc6 11. Qd2 O-O 12. Kh1 Qc7 13. g4 f5 14. gxf5 exf5 15. Rae1
Rae8 16. Ng5 Qd7 17. exf5 Nxf5 18. Bd5+ Kh8 19. Bg1 Ncd4 20. Qg2 Nh4 21. Qg3
Bxd5+ 22. Nxd5 Nhf5 23. Qh3 h6 24. c4 Qb7 25. Bxd4 cxd4 26. Ne6 bxc4 27. dxc4
Rg8 28. Qg2 Qf7 29. Nxg7 Kxg7 30. Qd2 Rgf8 31. b4 Kh7 32. a4 Ne3 33. Nxe3 dxe3
34. Rxe3 Qxc4 35. Rd3 Re4 36. Rc1 Qf7 37. Rxd6 Rfe8 38. Rd7 R4e7 39. Rxe7 Rxe7
40. Qd6 Rd7 41. Qe5 Re7 42. Qd6 Rd7 1/2-1/2

[Event "4NCL Division 3n"]
[Site "Palace Hotel, Buxton ENG"]
[Date "2014.02.09"]
[Round "6.87"]
[White "Bimpson, Tom"]
[Black "Plater, Ron"]
[Result "1-0"]
[WhiteElo "2030"]
[BlackElo "1944"]
[PlyCount "117"]
[EventDate "2014.02.09"]
[WhiteTeam "Ferry 'Cross the Maroczy 1"]
[BlackTeam "North East England 2"]

1. d4 Nf6 2. Bg5 Ne4 3. Bf4 d5 4. e3 e6 5. Bd3 b6 6. Bxe4 dxe4 7. Ne2 Be7 8. c4
O-O 9. Qc2 Bb7 10. Nbc3 f5 11. O-O Na6 12. a3 Rc8 13. Rad1 c6 14. b4 Qe8 15.
Qb3 Qf7 16. b5 Nc7 17. a4 Rfd8 18. Rd2 Ne8 19. Rfd1 Nf6 20. Be5 Ng4 21. Bg3 g5
22. bxc6 Bxc6 23. d5 exd5 24. Nxd5 Bxd5 25. cxd5 h5 26. h3 h4 27. hxg4 hxg3 28.
Nxg3 Bd6 29. Nxf5 Qh7 30. g3 Qc7 31. Kg2 Kf7 32. Rh1 Rh8 33. Rxh8 Rxh8 34. Rc2
Qd7 35. Rc6 Bb8 36. Qc3 Rh7 37. Qf6+ Kg8 38. Nh6+ Rxh6 39. Qxh6 Be5 40. Qe6+
Qf7 41. Qxf7+ Kxf7 42. Re6 Bf6 43. Rxe4 a6 44. f4 b5 45. axb5 axb5 46. Rb4 Bc3
47. Rxb5 Bd2 48. Kf3 Ke7 49. e4 Kd7 50. e5 Bc3 51. Ke4 Bd2 52. Kf5 Be1 53. Kxg5
Bxg3 54. Kf5 Bf2 55. g5 Ke7 56. g6 Bh4 57. Rb7+ Kf8 58. Ke6 Ke8 59. g7 1-0